Trouvez les paroles - J'aimerais tellement (Jena Lee) - Statistiques

Statistiques générales
  • Ce quiz a été pris 29 fois
  • Le résultat moyen est 281 sur 389
Statistiques - réponses
Réponse % Correct
J'ai
100%
j'ai
100%
J'aimerais
96%
j'aimerais
96%
(j'aimerais
96%
je
96%
Je
96%
le
96%
les
96%
m'a
96%
Mais
96%
mais
96%
plus
96%
que
96%
te
96%
Ce
91%
ce
91%
de
91%
dire
91%
me
91%
mon
91%
(mon
91%
mots
91%
n'ai
91%
pas
91%
pas)
91%
tellement
91%
un
91%
ces
87%
coeur
87%
I
87%
veut
87%
faux
83%
fois
83%
fois)
83%
peur
83%
sonnent
83%
to
83%
fais
78%
moi
78%
moi)
78%
si
78%
(si
78%
une
78%
du
74%
ne
74%
se
74%
tout
74%
(tout
74%
Tu
74%
tu
74%
Baby
70%
(baby
70%
Et
70%
n'est
70%
nouvelle
70%
qui
70%
recommencer
70%
cesse
65%
dois
65%
(just
65%
Just
65%
Juste
65%
juste
65%
larme
65%
pardonne
65%
passé
65%
Pour
65%
pour
65%
qu'une
65%
(qu'une
65%
âme
61%
âme)
61%
donne
61%
dont
61%
envie
61%
hanter
61%
m'éloigne
61%
oh-oh)
61%
reste
61%
retrouve
61%
sais
61%
Laisse
57%
laisse
57%
d'avancer
52%
mes
52%
Mes
52%
quand
52%
Ton
52%
donner
48%
non
48%
parler
48%
pensées
48%
voir
48%
attends
43%
demande
43%
entaille
43%
seul
43%
temps
43%
yeux
43%
oh-oh-oh)
39%
oh-oh-oh
39%
pourra
39%
regard
39%
Tes
39%
trouverais
39%
avant
35%
finalement
35%
lame
35%
lame)
35%
l'effacer
35%
l'oublier
35%
m'aider
35%
rester
35%
t'éloignes
35%
toi
35%
affronter
30%
brûlée
30%
(eh-eh,
30%
flamme
30%
(Give
30%
give
30%
(give
30%
Give
30%
je n'ai
30%
n'ose
30%
time,
30%
time)
30%
time
30%
cette
26%
désarment
26%
fanent
26%
m'écouter
26%
rêves
26%
Stop
26%
autant
22%
let
22%
mean
22%
mieux
22%
please
22%
retrouver
22%
it
17%
it,
17%
need
17%
(aimer
13%
yeah)
13%
Aucun quiz correspondant
Distribution des résultats
% des personnes avec chaque résultat
Percentile par nombre de réponses
Votre historique - résultats
Vous n’avez pas pris ce quiz